Control automático de procesos: Teoría y práctica / Carlos A. Smith (Registro nro. 28459)
[ vista simple ]
| 000 -LÍDER | |
|---|---|
| fixed length control field | 00439nam a2200145 4500 |
| 020 ## - NÚMERO INTERNACIONAL NORMALIZADO PARA LIBROS | |
| ISBN | 978-607-05-0721-2 |
| 050 ## - SIGNATURA TOPOGRAFICA DE LA BIBLIOTECA DEL CONGRESO (LC) | |
| Número de Clasificación | TP155.75 S65 2014 |
| 082 ## - NUMERO DE CLASIFICACION DECIMAL DEWEY | |
| Número de Clasificación | 660.281 S644e 2014 |
| 100 ## - ASIENTO PRINCIPAL--NOMBRE PERSONAL | |
| Nombre personal | Smith, Carlos A. |
| 245 ## - TÍTULO | |
| Título | Control automático de procesos: Teoría y práctica / Carlos A. Smith |
| 250 ## - MENCIÓN DE EDICIÓN | |
| Mención de edición | 2 |
| 260 ## - PUBLICACIÓN, DISTRIBUCIÓN, ETC. (PIE DE IMPRENTA) | |
| Lugar de publicación, distribución, etc. | México : Limusa Willey |
| 300 ## - DESCRIPCIÓN FÍSICA | |
| Extensión | xx, 766p. il. / 23cm. |
| 650 ## - ASIENTO SECUNDARIO DE MATERIA - TERMINO TEMÁTICO | |
| Término temático o nombre geográfico como elemento de entrada | 1. CONTROL DE PROCESOS TECNICOS - AUTOMATIZACION |
| No. biblioteca | No. biblioteca | Número de clasificación | Código de barras/Número de adquisición | Número de copia | Tipo de material |
|---|---|---|---|---|---|
| ÁREA DE BIOQUÍMICA | ÁREA DE BIOQUÍMICA | 660.281 S644e 2014 | 53105 | 1 | Libros |
| ÁREA DE BIOQUÍMICA | ÁREA DE BIOQUÍMICA | 660.281 S644e 2014 | 53106 | 2 | Libros |
| ÁREA DE ELECTROMECÁNICA | ÁREA DE ELECTROMECÁNICA | 660.281 S644e 2014 | 53107 | 3 | Libros |
| ÁREA DE ELECTROMECÁNICA | ÁREA DE ELECTROMECÁNICA | 660.281 S644e 2014 | 53108 | 4 | Libros |
| ÁREA DE ELECTROMECÁNICA | ÁREA DE ELECTROMECÁNICA | 660.281 S644e 2014 | 53109 | 5 | Libros |
